Concept to Logo #1 - Statistics

General Stats
  • This quiz has been taken 11 times
  • The average score is 7 of 10
Answer Stats
Logo Concept Answer % Correct
Represents a global network, with interconnected points symbolizing a wide range of services and products, often seen as a smile. Amazon
100%
Represents a bitten fruit, symbolizing knowledge and the pursuit of innovation, with a clean, minimalist design. Apple
89%
Uses interwoven rings, symbolizing the union of four companies, and representing luxury automobiles. Audi
89%
Represents a target, symbolizing precision, focus, and a wide range of goods and services. Target
89%
Embodies speed and motion, featuring three stripes that represent forward movement and dynamic performance. Adidas
78%
Uses a stylized, flowing script to represent a classic, refreshing beverage, and a sense of timelessness. Coca-Cola
78%
Features a stylized seashell, representing the discovery of hidden treasures and the power of refined energy. Shell
67%
Contains a hidden arrow, representing speed, precision, and the delivery of goods. FedEx
56%
Features a stylized checkmark, representing positivity, completion, and a trusted brand. Nike
44%
Features a stylized trident, symbolizing power, dominance, and a vast underwater world. Maserati
33%
No matching quizzes found
Score Distribution
Percent of People with Each Score
Percentile by Number Answered
Your Score History
You have not taken this quiz